| 000 | 00740nam a2200253 4500 | ||
|---|---|---|---|
| 001 | 1861 | ||
| 010 | _a9789897401985 | ||
| 021 |
_aPT _b508798/22 |
||
| 090 | _a1861 | ||
| 100 | _a20250515d2022 m||y0pory50030103ba | ||
| 101 | _apor | ||
| 102 | _aPT | ||
| 200 |
_aComo ganhar uma discussão (mesmo sem ter razão) _fArthur Schopenhauer _gtrad. Fernando D. Antunes |
||
| 205 | _a1ª edição | ||
| 210 |
_aPorto _cIdeias de Ler _d2022 |
||
| 215 |
_a94 p. _cil. _d21 cm |
||
| 300 | _aBMB-Registado | ||
| 304 | _aTít. orig.: Die kunst recht zu behalten | ||
| 606 |
_aDialéctica _92676 |
||
| 675 |
_a162.6 _vBMB _zpor |
||
| 700 |
_aSchopenhauer _bArthur _f1788-1860 _92677 |
||
| 702 | 1 |
_aAntunes, _bFernando Dias _4730 |
|
| 801 |
_aPT _bBMB _gRPC |
||
| 990 | _cLIVROS | ||